Μεγάλες διοργανώσεις : η περίπτωση των Ολυμπιακών Αγώνων

Αποθηκεύτηκε σε:
Λεπτομέρειες βιβλιογραφικής εγγραφής
Κύριος συγγραφέας: Γκιόσος, Ιωάννης
Συγγραφή απο Οργανισμό/Αρχή: Ελληνικό Ανοικτό Πανεπιστήμιο
Άλλοι συγγραφείς: Παπαδημητρίου, Δήμητρα, Συναδινός, Πέτρος
Μορφή: Βιβλίο
Γλώσσα:Greek
Δημοσίευση: Πάτρα : Ελληνικό Ανοικτό Πανεπιστήμιο, 2000
Θέματα:
Ετικέτες: Προσθήκη ετικέτας
Δεν υπάρχουν, Καταχωρήστε ετικέτα πρώτοι!

MARC

LEADER 00000cam a2200000 i 4500
001 1/41792
008 070228s2000 gre d
020 |a 960-538-284-9 (τ.ΣΤ) 
035 |l 10087177 
040 |a GR-MY-UA  |b gre  |e aacr 
041 0 |a gre 
082 0 |a 338.4791  |2 (22) 
100 1 |a Γκιόσος, Ιωάννης. 
245 1 0 |a Μεγάλες διοργανώσεις :  |b η περίπτωση των Ολυμπιακών Αγώνων /  |c Γκιόσος Ιωάννης, Δήμητρα Παπαδημητρίου, Πέτρος Συναδινός ; Ελληνικό Ανοικτό Πανεπιστήμιο 
260 |a Πάτρα :   |b Ελληνικό Ανοικτό Πανεπιστήμιο,   |c 2000 
300 |a 94 σ.;  |c 28 εκ.  
500 |a Σχολή Κοινωνικών Επιστημών, Πρόγραμμα Σπουδών: Διοίκηση Τουριστικών Επιχειρήσεων, Θεματική Ενότητα: Διοίκηση Τουρισμού και Τουριστικών Επιχειρήσεων 
504 |a Περιέχει βιβλιογραφία 
650 0 0 |a Tourism  |x Management. 
650 0 0 |a Sports and tourism. 
700 1 |a Παπαδημητρίου, Δήμητρα. 
700 1 |a Συναδινός, Πέτρος. 
710 2 |a Ελληνικό Ανοικτό Πανεπιστήμιο. 
774 1 |t Διοίκηση τουρισμού και τουριστικών επιχειρήσεων 
852 |a INST  |b LESVOS  |e 20070228  |h 796.48 ΓΚΙ  |p 005100037120  |q 005100037120  |t BK  |y 0  |z τ.ΣΤ 
852 |a INST  |b LESVOS  |e 20070228  |h 796.48 ΓΚΙ  |p 005100037120  |q 005100037120  |t BK  |v τ.ΣΤ:  |y 0  |z τ.ΣΤ 
853 |a INST  |b LESVOS  |h 796.48 ΓΚΙ 
901 |a BIBL1-2007-1 
909 |a Λ  |b 131868 
970 |a ΧΑΤΖΗΜΙΧΑΗΛ  |b ΜΑΡΙΑ  |z 2007/02/28